Geography Quiz

Random Geography or World Quiz

Drawing a Blank: Countries Quiz Stats

Quiz Updated Jul 14, 2016

Also try: Speed Geography
Challenge
Share
Tweet
Embed
Score 0/31 Timer 01:30
1 Play Today
Hint Answer % Correct
????
100%
????
98.3%
????
94.3%
????
93.7%
????
93.6%
????
90.7%
????
90.5%
????
90.1%
????
76.6%
????
76.1%
????
75.7%
????
74.8%
????
74.4%
????
73.9%
????
71.4%
????
69.4%
Hint Answer % Correct
????
68.2%
????
66.7%
????
61.8%
????
60.9%
????
56.7%
????
55.7%
????
54.8%
????
54.1%
????
49%
????
47.8%
????
45.7%
????
44.6%
????
43.2%
????
42.2%
????
37.7%

You're not logged in!

Compare scores with friends on all Sporcle quizzes.
Join for Free
OR
Log In

You Might Also Like...

Show Comments

Extras

Top Quizzes Today


Score Distribution

Your Account Isn't Verified!

In order to create a playlist on Sporcle, you need to verify the email address you used during registration. Go to your Sporcle Settings to finish the process.

Report this User

Report this user for behavior that violates our Community Guidelines.

Details: